Statystyki dla Które państwo jest silniejsze.

Kliknij tutaj aby rozwiązać quiz!

Ogólne statystyki

  • Ten quiz został rozwiązany 169 razy
  • Średni wynik to 7 z 15

Statystyki odpowiedzi

ZagadnienieOdpowiedź% Poprawnych
Rosja, czy ChinyRosja
59%
Zjednoczone Emiraty Arabskie, czy SyriaZjednoczone Emiraty Arabskie
57%
Japonia, czy IndieIndie
55%
Turcja, czy NiemcyNiemcy
55%
Polska, czy KanadaPolska
51%
Czechy, czy GrecjaCzechy
49%
Włochy, czy BrazyliaBrazylia
48%
Korea Północna, czy PołudniowaKorea Południowa
48%
Polska, czy MeksykPolska
46%
Algieria, czy SzwecjaAlgieria
45%
Hiszpania, czy AustraliaAustralia
38%
Francja, czy Wielka BrytaniaFrancja
38%
Izrael, czy Arabia SaudyjskaArabia Saudyjska
33%
Indonezja, czy Korea PółnocnaIndonezja
33%
Kolumbia, czy ArgentynaKolumbia
33%

Rozkład punktacji

Percentyl według liczby udzielonych odpowiedzi

Procent ludzi z każdym wynikiem

Twoja historia wyników

Nie rozwiązałeś tego quizu